000 00420nam a2200145Ia 4500
008 090124s9999 xx 000 0 und d
082 _b134358
245 _a काही तासांसाठी
250 _a1
260 _bहरकारे अरुण
_c2006
300 _a200
630 _a काही तासांसाठी
730 _a काही तासांसाठी
942 _cBOOK
999 _c197396
_d197396